Estudios sobre el origen de las plantas cultivadas / (Registro nro. 17992)

Detalles MARC
000 -CABECERA
Campo de control 00724cam a22002171a 4500
005 - FECHA Y HORA DE LA ULTIMA TRANSACCION
Campo de control 20160116025021.0
008 - ELEMENTOS DE LONGITUD FIJA—INFORMACION GENERAL
Campo de control 160116m19519999a gab b 000 0 spa
040 ## - FUENTE DE CATALOGACIÓN
Agencia catalogadora original DLC
Agencia transcriptora IEN
Agencia Modificadora CO-BoIAVH
041 ## - IDIOMA
Código de idioma para texto/pista de sonido o título separado Español
044 ## - PAÍS DE PUBLICACIÓN
País de publicación Colombia
082 ## - NUMERO DE CLASIFICACION DECIMAL DEWEY
Número de clasificación 581.980
Número del ítem V39e
100 1# - ASIENTO PRINCIPAL--NOMBRE PERSONAL
Nombre personal Vavilov, Nicolai I.
9 (RLIN) 51714
245 10 - MENCION DE TITULO
Título Estudios sobre el origen de las plantas cultivadas /
Parte restante del título Nicolai Vavilov; versión en español por Felipe Frier
260 ## - PUBLICACION, DISTRIBUCION, ETC. (PIE DE IMPRENTA)
Lugar de publicación, distribución, etc. Buenos Aires,
Nombre del editor, distribuidor, etc. Acme Agency,
Fecha de publicación, distribución, etc. 1951.
300 ## - DESCRIPCION FISICA
Extensión 185 páginas
Otros detalles físicos mapas.
Dimensiones 23 centímetros.
504 ## - NOTA DE BIBLIOGRAFIA, ETC.
Nota de bibliografía Incluye índice de especies
650 #0 - ASIENTO SECUNDARIO DE MATERIA - TERMINO TEMATICO
Término temático o nombre geográfico como elemento de entrada Agricultura
Subdivisión general Historia.
9 (RLIN) 51715
650 #0 - ASIENTO SECUNDARIO DE MATERIA - TERMINO TEMATICO
Término temático o nombre geográfico como elemento de entrada Plantas
Subdivisión general Historia.
9 (RLIN) 51716
700 ## - ASIENTO SECUNDARIO - NOMBRE PERSONAL
Nombre personal Freier, Felipe
Término de relación traductor
9 (RLIN) 51717
942 ## - ELEMENTOS ADICIONALES (KOHA)
Sistema de clasificación Dewey Decimal Classification
Tipo de ítem Libro
Existencias
Withdrawn status Lost status Sistema de Clasificación Damaged status No para préstamo Colección Inventariado Ubicación Permanente Ubicación actual Fecha de adquisición Fuente de Valor Total Checkouts Número topográfico Inventario / Código de Barras Date last seen Ejemplar Price effective from Forma de adquisición Tipo de material
    Dewey Decimal Classification     Fondo Ramiro Osorio Osma Inventariado 2017 Bogotá Bogotá 16/01/2016 Instituto   FRO-581.980 V39e 039544 16/01/2016 Ej. 1 16/01/2016   Libro